Arte y sentido de Martín Fierro
Uloženo v:
| Hlavní autor: | |
|---|---|
| Médium: | Kniha |
| Jazyk: | španělština |
| Vydáno: |
Madrid
Castalia
1970
|
| Témata: | |
| Tagy: |
Přidat tag
Žádné tagy, Buďte první, kdo vytvoří štítek k tomuto záznamu!
|
MARC
| LEADER | 00000nam a2200000 a 4500 | ||
|---|---|---|---|
| 001 | UCT6526 | ||
| 003 | CL-VaPUC | ||
| 008 | 970113e19700000SP |||||||||||||||||spa|d | ||
| 082 | 0 | 4 | |a Ar861.09 |b HUG |2 21 |
| 100 | 0 | |a Hughes, John B |e author |9 376738 | |
| 245 | 1 | 0 | |a Arte y sentido de Martín Fierro |
| 300 | |a 192 p | ||
| 942 | |c BK | ||
| 945 | |d 19970113 00:00:00 |a nastorga | ||
| 260 | |a Madrid |b Castalia |c 1970 | ||
| 650 | 7 | |a POESIA ARGENTINA |2 CL-VaPUC |9 268280 | |
| 650 | 0 | |a Crítica e interpretación |9 255042 | |
| 650 | 0 | |a Literatura argentina |9 320596 | |
| 650 | 0 | |a Costumbres y tradiciones |9 268292 | |
| 650 | 7 | |a POESIAS EPICAS |2 CL-VaPUC |9 327170 | |
| 583 | |a last modification |c 19970113 00:00:00 |k Rodrigo Vera | ||
| 999 | |c 255217 |d 255215 | ||
| 952 | |0 0 |1 0 |4 0 |6 AR_861_090000000000000_HUG_1970 |7 0 |8 A |9 277354 |a BIBEDU |b BIBEDU |d 2019-11-19 |i 3268675 |o Ar861.09 HUG 1970 |p 3268675 |r 2019-11-19 |w 2019-11-19 |y BK |k LIT | ||